000 00938nam a2200265Ia 4500
003 OSt
005 20221005110813.0
006 a|||||r|||| 00| 0
007 ta
008 221004b |||||||| |||| 00| 0 hin d
020 _a9788126723430 (hbk)
_c300
024 _a12060
037 _bBR8175, 20/03/2014, Rajkamal Prakashan Pvt. Ltd.
_cTextual
040 _aCRL
_cCRL
_bhin
041 _2hin
_ahin
082 _aO121,3M26,PI, 152Q2
100 _aकोलोदी, कार्लो
245 0 _aपिनोकियो
246 _aPinokiyo
260 _aनई दिल्ली
_bराजकमल प्रकाशन भारत
_c2012
300 _a179पृ0
_ccm.
650 _aहिन्दी साहित्य
942 _hO121,3M26,PI, 152Q2
_cTEXL
_2cc
999 _c1019935
_d1019935